Surviving Your Social Work Placement : (Record no. 618427)

MARC details
000 -LEADER
fixed length control field 00491nam a2200181 a 4500
008 - FIXED-LENGTH DATA ELEMENTS--GENERAL INFORMATION
fixed length control field 260330s2010##################000#0#eng##
020 ## - INTERNATIONAL STANDARD BOOK NUMBER
ISBN 9780230221895
082 04 - DEWEY DECIMAL CLASSIFICATION NUMBER
Classification number 361.307155
Item number LOM
100 1# - MAIN ENTRY--AUTHOR NAME
Personal name Lomax, Robert,
245 10 - TITLE STATEMENT
Title Surviving Your Social Work Placement :
260 ## - PUBLICATION, DISTRIBUTION, ETC. (IMPRINT)
Name of publisher Palgrave Macmillan,
Year of publication 2010.
650 #0 - SUBJECT ADDED ENTRY--TOPICAL TERM
Topical Term Social Science.
942 ## - ADDED ENTRY ELEMENTS (KOHA)
Koha item type English Books
Holdings
Withdrawn status Lost status Damaged status Not for loan Home library Current library Shelving location Date acquired Full call number Accession Number Price effective from Koha item type
        Anna Centenary Library Anna Centenary Library 4TH FLOOR, A WING 30.03.2026 361.307155 LOM 305393 30.03.2026 English Books

Find us on the map